000 00261nam a2200109Ia 4500
008 220204s9999 xx 000 0 und d
082 _a82-3
_bBLY
100 _aBlyton, Enid
245 4 _aThe Naughtiest girl again
260 _aLondon
_bArmada
_c1979
942 _cBK
999 _c32683
_d32683